BIBLIOTHÈQUE DE LA MAISON DU MEXIQUE

Logo 1 Logo 2

Cher Diego, Quiela t'embrasse (notice nᵒ 155)

détails MARC
000 -Sello discográfico
campo de control de longitud fija 00926nam a2200313 4500
005 - Identificación de versión
campo de control 20251017062732.0
010 ## - Número Estándar Internacional de Libros (ISBN)
Número (ISBN) 2-903098-85-9
035 ## - Otros números de control del sistema
Número de control del sistema 19726
099 ## - fechas locales
Tipo de ítem Koha LIBRO
100 ## - Datos de procesamiento general
Datos de procesamiento general 19940905d1984 m y1spay5003 ba
101 ## - Idioma del recurso
Idioma del texto, banda sonora, etc. Francés
Idioma de la obra original Español; Castellano
105 ## - Campo de datos codificados: Material textual, monográfico
Datos codificados de monografía y 001ay
200 1# - Título y mención de responsabilidad
Título propio Cher Diego, Quiela t'embrasse
Designación general del material texto impreso
Primer mención de responsabilidad Elena Poniatowska
Declaración de responsabilidad subsiguiente traduit de l'espagnol par Rauda Jamis
210 ## - Publicación, distribución, etc.
Lugar de publicación, distribución, etc. Paris
Nombre del editor, distribuidor, etc. Actes Sud
Fecha de publicación, distribución, etc. 1984
215 ## - Descripción física
Designación de material específico y extensión del ítem 67 p
Dimensiones 19 cm
345 ## - Nota de información de adquisición
Fuente de adquisición/dirección de la suscripción [OBSOLETO] Compra
454 #1 - Traducción de
Título Querido Diego, te abraza Quiela
606 ## - Término temático usado como materia
Elemento de entrada Novela mexicana
Subdivisión cronológica Siglo XX
Número Koha 64
660 ## - Código de área geográfica
Código MX
700 ## - Nombre personal - Responsabilidad primaria
Elemento de entrada Poniatowska
Parte del nombre distinta del elemento de entrada Elena
Fechas 1932-
Número Koha 541
702 ## - Nombre personal - Responsabilidad secundaria
Elemento de entrada Jamis
Parte del nombre distinta del elemento de entrada Rauda
Fechas 1955-
Número Koha 542
801 #0 - Fuente de origen
Agencia cm
900 ## -
-- 1/10550
900 ## -
-- 7109410\\\\050994
942 ## - ELEMENTOS DE ENTRADA SECUNDARIOS (KOHA)
Tipo de ítem Koha Livre
996 ## -
-- MEX
-- 751145101
-- MMAG
-- 011832
-- 866.4 P797CH
-- 20241204LIV
Exemplaires
Estatus retirado Estado de daño Estado de pérdida Fecha de adquisición Biblioteca de origen Biblioteca actual Ubicación en estantería Código de barras Precio de reemplazo Signatura topográfica completa No para préstamo Tipo de ítem Koha Nota pública Nota no pública
      05/08/2025 Casa México Paris Casa México Paris   011832 05/08/2025 866.4 P797CH   Livre 20241204LIV 751145101